000 00784nji a22002297a 4500
005 20100907162625.0
006 a|||||r|||||00| 0
007 sd ammalaaahaa
008 100830t xxu||||| |||| 00| 0 eng d
028 _aHLD.7045
_blondon
035 _aGR-01079
040 _aSED
_cSED
100 _917455
_aBoone, Pat
245 _aWe're gonna (Rock around the clock) /
_cby Pat Boone
_h[sound recording] :
260 _aIndia
_bLondon
300 _a1 sound disc [Gramophone Recording]:
_banalog, 33 1/3 rpm
_c9.5 in. (MP)
_fGramophone Record
500 _aBrief Record
505 _aSide-2 (Honey hush) (Pat Boone)
650 _aClassical Music
_zIndia
_91186
_xExcerpts
942 _2ddc
_cGR
999 _c44344
_d44344